| 000 | 00742nam a2200217Ia 4500 | ||
|---|---|---|---|
| 001 | 730 | ||
| 003 | GE_BSU | ||
| 008 | 181216s||||||||xx |||||||||||||| ||und|| | ||
| 040 | _cGE_BSU | ||
| 080 | _a355.01+355.421 | ||
| 100 | _aროტერდამელი, ერაზმ | ||
| 245 | _aმშვიდობის ჩივილი | ||
| 245 | _cლათინურიდა თარგმნა .გურამ კუტალიამ რედ.: მ. სონღულაშვილი | ||
| 260 | _aთბილისი | ||
| 260 | _bთბილისის უნ-ტის | ||
| 260 | _c1983 | ||
| 300 | _a51 გბ. | ||
| 541 | _h2 ლ. | ||
| 653 | _aმშვიდობის ჩივილი | ||
| 942 | _cBK | ||
| 999 |
_c34903 _d34903 |
||